Los indocubanos / (Record no. 187472)

MARC details
000 -LEADER
campo de control de longitud fija 00799nam a2200217 i 4500
001 - NÚMERO DE CONTROL
campo de control 187472
003 - IDENTIFICADOR DE NÚMERO DE CONTROL
campo de control SpMaBN
005 - FECHA Y HORA DE LA ÚLTIMA TRANSACCIÓN
campo de control 20230906222933.0
008 - DATOS DE LONGITUD FIJA--INFORMACIÓN GENERAL
campo de control de longitud fija 170707s1982 cu a |||| | spa d
080 ## - NÚMERO DE LA CLASIFICACIÓN DECIMAL UNIVERSAL
Número de la Clasificación Decimal Universal 39(=97:729.1)(0:74)
080 ## - NÚMERO DE LA CLASIFICACIÓN DECIMAL UNIVERSAL
Número de la Clasificación Decimal Universal 74 García, Modesto
100 1# - ENTRADA PRINCIPAL--NOMBRE DE PERSONA
Nombre de persona Cardoso, Onelio Jorge.
9 (RLIN) 35204
245 14 - MENCIÓN DEL TÍTULO
Título Los indocubanos /
Mención de responsabilidad, etc. textos de Onelio Jorge Cardoso ; ilustraciones de Modesto García.
260 ## - PUBLICACIÓN, DISTRIBUCIÓN, ETC.
Lugar de publicación, distribución, etc. La Habana :
Nombre del editor, distribuidor, etc. Gente Nueva,
Fecha de publicación, distribución, etc. [1982]
300 ## - DESCRIPCIÓN FÍSICA
Extensión 110 p. :
Otras características físicas principalmente il. ;
Dimensiones 22 x 28 cm.
594 ## - Nota al título y mención de responsabilidad
Nota al título y mención de responsabilidad Basado en el guión cinematográfico y las il. del documental Los indocubanos, 1962.
599 ## - NOTA A LAS ILUSTRACIONES
NOTA A LAS ILUSTRACIONES Dibujos a plumilla.
650 #7 - PUNTO DE ACCESO ADICIONAL DE MATERIA--TÉRMINO DE MATERIA
Término de materia o nombre geográfico como elemento de entrada Indios de Cuba-
Subdivisión general Usos y costumbres.
9 (RLIN) 163396
700 1# - ENTRADA AGREGADA--NOMBRE PERSONAL
Nombre de persona García, Modesto.
9 (RLIN) 54083
852 ## - LOCALIZACIÓN
Ubicación ES-MaACL
Número de control de estantería L-31797
Nota libre - enc. cart.
Holdings
Estatus retirado Estado de pérdida Estado de daño No para préstamo Biblioteca de origen Biblioteca actual Ubicación en estantería Fecha de adquisición Fuente de adquisición Total de préstamos Signatura topográfica completa Código de barras Visto por última vez Precio de reemplazo Tipo de ítem Koha
        Biblioteca del Ateneo de Madrid Biblioteca del Ateneo de Madrid Depósito 2 07/07/2017     L-31797 1197912 23/02/2023 23/02/2023 Libro impreso